000 00474nam a2200169Ia 4500
003 GCL
008 140319s9999 xx 000 0 ara d
040 _aGCL /
_cGCL
082 0 4 _aط
_b813.087
_bد ق
100 1 _aداود، يوخنايلدا
245 1 0 _aقراصنة المجره /
_cداود، يوخنايلدا
490 _aروايات عالمية
_v0
650 0 4 _aالاطفال
650 0 4 _aالقصص
650 0 4 _aقصص الاطفال
942 _2ddc
_cBK
999 _c46569
_d46569